Normal view
MARC view
Entry Personal Name
001 - CONTROL NUMBER
- control field: 56655
003 - CONTROL NUMBER IDENTIFIER
- control field: OSt
005 - DATE AND TIME OF LATEST TRANSACTION
- control field: 20250908122524.0
008 - FIXED-LENGTH DATA ELEMENTS
- fixed length control field: 250908|| aca||aabn | a|a d
040 ## - CATALOGING SOURCE
- Original cataloging agency: OSt
- Transcribing agency: OSt
100 ## - HEADING--PERSONAL NAME
- Personal name: Narian, S. Yadav, N.K. Das, B. and Poswal, A.
670 ## - SOURCE DATA FOUND
- Source citation: Work cat.: (OSt): Narian, S. Yadav, N.K. Das, B. and Poswal, A. , The 500 GW switch over
